000 00561nam a2200205Ia 4500
005 20250923145452.0
008 008 250917s9999 xx 000 0 eng d
037 _aTextual
040 _aDSWL
_beng
_cDSWL
041 _aeng
_2eng
084 _aX8(J):77.2, N78
_qDSWL
100 _aSen, Sudhir
_9835630
245 0 _aTurning the Tide
_c by Sudhir Sen
260 _aNew Delhi
_bDelhi Macmillan
_c1978
300 _ax,193 p.
365 _aINR
_b40.5
925 _g40.5
942 _cTEXL
_hX8(J):77.2, N78
999 _c1451715
_d1451715